10 najpopularniejszych imion w Polsce - Statystyki

Ogólne statystyki
  • Ten quiz został rozwiązany 97 razy
  • Średni wynik to 5 z 10
Statystyki odpowiedzi
Hint Imiona % Poprawnych
1 072 616 Anna
89%
689 313 Piotr
72%
604 753 Katarzyna
58%
506 006 Paweł
54%
585 573 Maria
52%
536 774 Tomasz
49%
577 214 Małgorzata
47%
641 406 Krzysztof
44%
533 141 Andrzej
42%
547 485 Agnieszka
34%
Nie znaleziono quizów pasujących do podanych kryteriów
Rozkład punktacji
Procent ludzi z każdym wynikiem
Percentyl według liczby udzielonych odpowiedzi
Twoja historia wyników
Nie rozwiązałeś tego quizu